Idea of social structure: Papers in honour of Robert K Merton (Record no. 27720)

MARC details
000 -LEADER
fixed length control field 00485nam a2200169Ia 4500
008 - FIXED-LENGTH DATA ELEMENTS--GENERAL INFORMATION
fixed length control field 230917s9999||||xx |||||||||||||| ||und||
020 ## - ISBN
Price RS1795
040 ## - CATALOGING SOURCE
-- 249237
Original cataloging agency VIVEKANANDA LIBRARY
041 ## - Language
-- English
082 ## - DDC NUMBER
Classification number 301.4 C82I
100 ## - MAIN ENTRY--PERSONAL NAME
Personal name Coser, Lewis A, ed.
245 #0 - TITLE STATEMENT
Title Idea of social structure: Papers in honour of Robert K Merton
260 ## - PUBLICATION, DISTRIBUTION, ETC. (IMPRINT)
Place of publication, distribution, etc Jaipur
Name of publisher, distributor, etc Rawat Publications
Date of publication, distribution, etc 2018
300 ## - PHYSICAL DESCRIPTION
Pages ix, 547 p.
500 ## - GENERAL NOTE
General note 3221 02/08/2018 RK18/1037 02/08/2018 Main Budget
942 ## - ADDED ENTRY ELEMENTS (KOHA)
Koha item type Books
Holdings
Withdrawn status Lost status Damaged status Not for loan Location (home branch) Sublocation or collection (holding branch) Date acquired Koha issues (times borrowed) Koha full call number Accession No. Koha date last seen Koha item type Source of classification or shelving scheme Shelving location
        VIVEKANANDA LIBRARY VIVEKANANDA LIBRARY 12/09/2018   301.4 C82I 374480 17/09/2023 Books    
        VIVEKANANDA LIBRARY VIVEKANANDA LIBRARY 12/09/2018   301.4 C82I 374481 17/09/2023 Books    
        VIVEKANANDA LIBRARY VIVEKANANDA LIBRARY 12/09/2018   301.4 C82I 374482 17/09/2023 Books    
        VIVEKANANDA LIBRARY VIVEKANANDA LIBRARY 30/03/2026   301.4 C82I 450050 30/03/2026 Books Dewey Decimal Classification Vivekananda Library
© Designed and Maintained by Vivekananda Library, MDU Rohtak